Workbook for training in adopting, applying and operating environmentally sound technologies (ESTS) : regional workshop : implemented 8-13 December 1997 in Perth, Australia by UNEP IETC in collaboration with

Jazyk: Angličtina
Vydáno: Osaka/Shiga : UNEP International Environmental Technology Centre, 1998
Edice: IETC Report
Témata:
Fyzický popis: vii, 314 s. : il. ; 30 cm
Knihy
Uloženo v:
LEADER 01183nam a2200289 a 4500
001 000401556
003 CZ BrMZK
005 20210318141922.0
007 ta
008 980115s1998 ja e eng d
020 |z 92-807-1478-0 
040 |a BOA001  |b cze 
072 7 |a 502  |x Životní prostředí a jeho ochrana  |2 Konspekt  |9 2 
080 |a 502.17  |2 MRF 
080 |a (047)  |2 MRF 
245 0 0 |a Workbook for training in adopting, applying and operating environmentally sound technologies (ESTS) :  |b regional workshop : implemented 8-13 December 1997 in Perth, Australia by UNEP IETC in collaboration with 
260 |a Osaka/Shiga :  |b UNEP International Environmental Technology Centre,  |c 1998 
300 |a vii, 314 s. :  |b il. ;  |c 30 cm 
490 1 |a IETC Report ;  |v 6 
500 |a United Nation Environment Programme - Bibliogr. 
541 |a Osaka, UNEP International Environmental Technology Centre 
650 0 7 |a ochrana životního prostředí  |7 ph115553  |2 czenas 
655 7 |a zprávy  |7 fd133875  |2 czenas 
830 0 |a IETC Report 
910 |a BOA001  |b 4-1057.023 
990 |a BK 
996 7 |b 2610088659  |c 4-1057.023  |l MZK  |r Sklad / do 1 hodiny  |n 1  |p vým  |w 000401556  |u 000010  |a 1  |e BOA001  |j MZK50  |s A